000
00281nam a22001217a 4500
008
180111b xxu||||| |||| 00| 0 eng d
041
_a
eng
080
_a
78
100
_a
45
101
_a
mus
245
_a
SCORED FOR LISTERING A GUIDE TO MUSIC
_c
STARR.W,J
942
_2
udc
_c
BK
999
_c
40095
_d
40095